Представление документа в формате MARC21

Поле Инд. ПП Название Значение
Тип записи a
Библиографический уровень b
001 Контрольный номер RU/IS/BASE/323367831
005 Дата корректировки 20200630193250.3
008 Кодируемые данные 20100331
040 b Код языка каталог. rus
e Правила каталог. PSBO
041 0_ a Код языка текста rus
084 a Индекс другой классификации/Индекс ББК 81.411.2-36
100 1_ a Автор Радченко Е. В.
245 10 a Заглавие Динамическое равновесие фразеологической единицы
504 a Библиография Библиогр. ссылки
520 0_ a Аннотация Нарушение динамического равновесия между формой и значением свободного словосочетания приводит к образованию качественно новой единицы, фразеологизма. Автор показывает это на примере анализа 590 предметных единиц в 5950 употреблениях
650 04 a Основная рубрика лексикология; фразеология
a Основная рубрика русский язык
a Основная рубрика филологические науки
a Основная рубрика частное языкознание
a Основная рубрика языкознание
653 0_ a Ключевые слова динамическое равновесие
a Ключевые слова фразеологические единицы
a Ключевые слова фразеологическое значение
a Ключевые слова языковая единица
773 08 t Заглавие источника Филологические науки
d Дата издания источника 2009
g Прочая информация № 2. - С. 64 - 71
w Контрольный № источника RU/IS/BASE/293108061
901 t Тип документа b